Paisajes del aprendizaje
Збережено в:
| Автор: | |
|---|---|
| Формат: | Книга |
| Мова: | Іспанська |
| Опубліковано: |
Santiago
Fundación Patio Vivo
2017
|
| Редагування: | 2a. ed |
| Предмети: | |
| Теги: |
Додати тег
Немає тегів, Будьте першим, хто поставить тег для цього запису!
|
MARC
| LEADER | 00000cam a2200000 a 4500 | ||
|---|---|---|---|
| 001 | UCC1406 | ||
| 003 | CL-VaPUC | ||
| 008 | 171025e20170000cl |||||||||||||||||spa|d | ||
| 082 | 0 | 4 | |a 721.84 |b MAD |2 21 |
| 100 | |a Madsen J., Camila |e autora |9 595488 | ||
| 245 | 1 | 0 | |a Paisajes del aprendizaje |
| 250 | |a 2a. ed | ||
| 300 | |a 53 p | ||
| 942 | |c BK | ||
| 945 | |d 20171025 21:08:00 |a dcastane | ||
| 260 | |a Santiago |b Fundación Patio Vivo |c 2017 | ||
| 650 | 7 | |a PATIOS DE ESCUELA |2 CL-VaPUC |9 353848 | |
| 650 | 7 | |a ESTILOS ARQUITECTONICOS |2 CL-VaPUC |9 372532 | |
| 650 | 0 | |a Diseño arquitectónico |9 265271 | |
| 650 | 0 | |a Juegos |9 243060 | |
| 583 | |a last modification |c 20171025 21:08:00 |k Rodrigo Vera | ||
| 999 | |c 369925 |d 369923 | ||
| 952 | |0 0 |1 0 |3 erb |4 0 |6 721_840000000000000_MAD_2017 |7 0 |8 A |9 486092 |a BIBARQ |b BIBARQ |i 5431565 |l 1 |o 721.84 MAD 2017 |p 5431565 |r 2025-01-20 |s 2024-05-16 |w 2019-11-24 |y BK |z Catalogado en:20171025 |k ARQ | ||